000 00908nam a2200253Ia 4500
003 OSt
005 20220923211044.0
006 a|||||r|||| 00| 0
007 ta
008 220922b |||||||| |||| 00| 0 hin d
020 _a8174530967 (hbk)
_c200
024 _a235,630
037 _b300, 11/03/2008, Swaraj Prakashan
_cTextual
040 _aARTS
_cARTS
_bhin
041 _2hin
_ahin
082 _aP152v, P3
100 _aशर्मा, महेन्द्रपाल
_9157673
245 0 _aहिन्दी भाषा
_b विकास के सोपान
246 _aHindī bhāṣhā: vikās ke sopāna
260 _aनई दिल्ली
_b संजय प्रकाशन
_c2003
300 _a117पृ.
_ccm.
942 _hP152v, P3
_cTEXL
_2CC
999 _c294584
_d294584